000 00421nam a22001337a 4500
005 20250423180248.0
008 241112b |||||||| |||| 00| 0 eng d
020 _a9781405719506
245 _aThe All England Law Reports 2007 Vol. 1
_c; Editor, Widdicombe, Solicitor
260 _aUnited Kingdom
_bLexisNexis Butterworths
_c2007
300 _axix, 1278 pages
_c23.5 cm
650 _2Law Reports
_xEngland
942 _2lcc
_cBK
_n0
999 _c1060
_d1060